[Event "Titled Tuesday intern op 5th May"]
[Site "Chess.com INT"]
[Date "2020.05.05"]
[Round "10"]
[White "Nandigani, Krishnateja"]
[Black "Salinas Herrera, Pablo Patricio"]
[Result "0-1"]
[WhiteElo "2538"]
[BlackElo "2514"]
[PlyCount "122"]
[EventDate "2020.05.05"]
[EventType "swiss (blitz)"]
[EventRounds "10"]
[EventCountry "USA"]
[SourceTitle "EXT 2021"]
[Source "ChessBase"]
[SourceDate "2020.10.23"]
[SourceVersion "1"]
[SourceVersionDate "2020.10.23"]
[SourceQuality "1"]

1. d4 d5 2. c4 e6 3. Nc3 Nf6 4. Nf3 c6 5. e3 Nbd7 6. Qc2 Bd6 7. Bd3 0-0 8. 0-0 dxc4 9. Bxc4 a6 10. Be2 b5 11. e4 e5 12. dxe5 Nxe5 13. Nh4 Re8 14. h3 Ng6 15. Nf5 Be5 16. Rd1 Qc7 17. Bf3 Be6 18. g3 c5 19. Bg2 Rad8 20. Be3 c4 21. f4 Bxc3 22. Qxc3 Bxf5 23. exf5 Ne7 24. g4 Ned5 25. Bxd5 Nxd5 26. Rxd5 Rxd5 27. Rc1 Qd6 28. Re1 Rd3 29. Bf2 Rf8 30. Qc1 Rxh3 31. Kg2 Rd3 32. g5 Qd5+ 33. Kh2 Qxf5 34. Bg3 Qg4 35. Re3 Qh5+ 36. Kg2 Rfd8 37. Qe1 Rxe3 38. Qxe3 Qd1 39. Bf2 Qd5+ 40. Kg1 Qe6 41. Qa7 Qg4+ 42. Kh2 Qh5+ 43. Kg2 Qg6 44. Qc7 Re8 45. Qd7 Qe4+ 46. Kh2 Qe6 47. Qc7 h6 48. Kg3 hxg5 49. Bd4 gxf4+ 50. Qxf4 Qg6+ 51. Kf2 Qc2+ 52. Kg3 Qd3+ 53. Kg2 Qe4+ 54. Qxe4 Rxe4 55. Bc3 Re2+ 56. Kf3 Re6 57. a3 f6 58. Kf4 Kf7 59. Kf3 g5 60. Kg4 Kg6 61. Kf3 f5 0-1

[Event "Titled Tuesday intern op 21st April"]
[Site "Chess.com INT"]
[Date "2020.04.21"]
[Round "4"]
[White "Gevorgyan, Maria"]
[Black "Nandigani, Krishnateja"]
[Result "0-1"]
[WhiteElo "2228"]
[BlackElo "2550"]
[PlyCount "52"]
[EventDate "2020.04.21"]
[EventType "swiss (blitz)"]
[EventRounds "10"]
[EventCountry "USA"]
[SourceTitle "EXT 2021"]
[Source "ChessBase"]
[SourceDate "2020.10.23"]
[SourceVersion "1"]
[SourceVersionDate "2020.10.23"]
[SourceQuality "1"]

1. e4 e5 2. Nf3 Nc6 3. d4 exd4 4. Nxd4 Nf6 5. Nxc6 bxc6 6. e5 Ne4 7. Qf3 Nc5 8. Bc4 Ne6 9. 0-0 g6 10. Nc3 Bg7 11. Ne4 Bxe5 12. Bh6 d5 13. Rfe1 Qh4 14. g3 Qxh6 15. Nf6+ Bxf6 16. Bxd5 cxd5 17. Qxd5 Rb8 18. Qc6+ Bd7 19. Qd5 Qg5 20. Qd3 Bc6 21. Rad1 0-0 22. Qc4 Rb6 23. b3 Bb7 24. a4 a5 25. h4 Qf5 26. Rd3 Qh3 0-1

[Event "Titled Tuesday intern op 21st April"]
[Site "Chess.com INT"]
[Date "2020.04.21"]
[Round "6"]
[White "Nandigani, Krishnateja"]
[Black "Khalafova, Narmin Ilgar Qizi"]
[Result "0-1"]
[WhiteElo "2527"]
[BlackElo "2279"]
[PlyCount "98"]
[EventDate "2020.04.21"]
[EventType "swiss (blitz)"]
[EventRounds "10"]
[EventCountry "USA"]
[SourceTitle "EXT 2021"]
[Source "ChessBase"]
[SourceDate "2020.10.23"]
[SourceVersion "1"]
[SourceVersionDate "2020.10.23"]
[SourceQuality "1"]

1. d4 d6 2. e4 Nf6 3. Nc3 g6 4. h3 Bg7 5. Be3 0-0 6. f4 a6 7. e5 Nfd7 8. a4 c5 9. exd6 exd6 10. Nf3 Re8 11. Kf2 Nc6 12. dxc5 Nxc5 13. Bd3 b6 14. Re1 Bb7 15. Kg1 Nb4 16. Bc4 d5 17. Bxc5 bxc5 18. Rxe8+ Qxe8 19. Bxd5 Rd8 20. Bxb7 Rxd1+ 21. Rxd1 Nxc2 22. Nd5 Nd4 23. Nxd4 Bxd4+ 24. Kh2 Qe2 25. Rb1 Kg7 26. a5 h5 27. Nc3 Qc2 28. Be4 Qf2 29. Bf3 h4 30. Ne2 Bf6 31. Rc1 Bxb2 32. Rc2 Bf6 33. Bb7 Qe1 34. Bxa6 Qxa5 35. Bc4 Qb4 36. Rc1 Qd2 37. Rb1 Bd4 38. Rb7 Kh6 39. Rxf7 Be3 40. Rf8 Qc2 41. Bb5 c4 42. Rh8+ Kg7 43. Ng1 Qc1 44. Nf3 Bxf4+ 45. g3 hxg3+ 46. Kg2 Qc2+ 47. Kh1 g2+ 48. Kg1 Be3+ 49. Kh2 g1Q# 0-1

[Event "Titled Tuesday intern op 14th April"]
[Site "Chess.com INT"]
[Date "2020.04.14"]
[Round "3"]
[White "Berdnyk, Mariia"]
[Black "Nandigani, Krishnateja"]
[Result "0-1"]
[WhiteElo "2324"]
[BlackElo "2553"]
[PlyCount "130"]
[EventDate "2020.04.14"]
[EventType "swiss (blitz)"]
[EventRounds "10"]
[EventCountry "USA"]
[SourceTitle "EXT 2021"]
[Source "ChessBase"]
[SourceDate "2020.10.23"]
[SourceVersion "1"]
[SourceVersionDate "2020.10.23"]
[SourceQuality "1"]

1. d4 Nf6 2. c4 e6 3. g3 d5 4. Nf3 Be7 5. Bg2 0-0 6. 0-0 dxc4 7. Qc2 a6 8. a4 Bd7 9. Qxc4 Bc6 10. Nc3 Nbd7 11. Rd1 a5 12. Bf4 Bb4 13. Ne5 Bxg2 14. Kxg2 c6 15. Rac1 Nd5 16. Nxd5 exd5 17. Qd3 Nb6 18. b3 Qe7 19. f3 Rfe8 20. Rc2 Bd6 21. Qd2 Nd7 22. Nd3 Bxf4 23. Qxf4 Ra6 24. Re1 Rb6 25. Rb2 Qa3 26. Qc7 Qe7 27. Ne5 Nxe5 28. Qxb6 Nd3 29. Rbb1 Nxe1+ 30. Rxe1 h6 31. Qxa5 Qe3 32. Qc5 Qxb3 33. a5 Qb2 34. Kf2 Ra8 35. Qe7 Qxd4+ 36. e3 Qb2+ 37. Re2 Qb5 38. e4 d4 39. Qd7 Qc5 40. Rd2 Rxa5 41. Qe8+ Kh7 42. Qxf7 d3+ 43. Kg2 Qe3 44. Rb2 b5 45. Qf5+ Kg8 46. Qc8+ Kf7 47. Qc7+ Kg6 48. Qxa5 Qd4 49. Qd2 c5 50. Rxb5 c4 51. Rd5 Qb6 52. Rxd3 cxd3 53. Qxd3 Qb2+ 54. Kh3 Qe5 55. f4 Qh5+ 56. Kg2 Qa5 57. e5+ Kf7 58. Qd7+ Kg8 59. Qe8+ Kh7 60. Qc6 Qd2+ 61. Kh3 Qe2 62. e6 h5 63. Qd5 g6 64. Qe5 Qf1+ 65. Kh4 Qf2 0-1

[Event "Titled Tuesday intern op 5th June"]
[Site "Chess.com INT"]
[Date "2018.06.05"]
[Round "1"]
[White "Nandigani, Krishnateja"]
[Black "Matamoros Franco, Carlos S"]
[Result "1/2-1/2"]
[WhiteElo "2207"]
[BlackElo "2488"]
[PlyCount "103"]
[EventDate "2018.06.05"]
[EventType "swiss (blitz)"]
[EventRounds "10"]
[EventCountry "USA"]
[SourceTitle "EXT 2021"]
[Source "ChessBase"]
[SourceDate "2020.10.23"]
[SourceVersion "1"]
[SourceVersionDate "2020.10.23"]
[SourceQuality "1"]

1. Nf3 Nf6 2. g3 g6 3. Bg2 Bg7 4. 0-0 0-0 5. d3 d6 6. Nbd2 c5 7. c3 Nc6 8. b3 e5 9. Bb2 h6 10. a3 Be6 11. b4 Qd7 12. Qc2 b6 13. Ne1 Rad8 14. Nc4 d5 15. Nd2 Bh3 16. b5 Na5 17. c4 Bxg2 18. Kxg2 Rfe8 19. Bc3 dxc4 20. Nxc4 Qd5+ 21. e4 Nxe4 22. dxe4 Qxc4 23. Bxa5 Qxc2 24. Nxc2 bxa5 25. Rfd1 a4 26. Ne3 Rd4 27. f3 f5 28. exf5 e4 29. Rac1 exf3+ 30. Kxf3 Rxd1 31. Nxd1 Bd4 32. fxg6 Kg7 33. Rc2 Kxg6 34. Kg2 Re1 35. Nc3 Bxc3 36. Rxc3 Rb1 37. Rxc5 Rb3 38. Rc6+ Kg5 39. Ra6 Rxa3 40. Rxa7 Rb3 41. h4+ Kh5 42. Rg7 Rxb5 43. Kh3 Rb3 44. Ra7 a3 45. Ra6 Rc3 46. Kg2 Kg4 47. Rg6+ Kh5 48. Ra6 Kg4 49. Rg6+ Kh5 50. Ra6 Kg4 51. Rg6+ Kh5 52. Ra6 1/2-1/2